Piracy and maritime security: Regional characteristics and political legal and economic implications (Record no. 512969)

000 -LEADER
fixed length control field 00543nam a2200169 4500
008 - FIXED-LENGTH DATA ELEMENTS--GENERAL INFORMATION
fixed length control field 200107b ||||| |||| 00| 0 eng d
100 ## - MAIN ENTRY--PERSONAL NAME
Personal name Johri, Shatakshi
245 ## - TITLE STATEMENT
Title Piracy and maritime security: Regional characteristics and political legal and economic implications
260 ## - PUBLICATION, DISTRIBUTION, ETC. (IMPRINT)
Name of publisher, distributor, etc World Affairs
300 ## - PHYSICAL DESCRIPTION
Extent 23(3), Jul-Sep, 2019: p.80-101.
650 ## - SUBJECT ADDED ENTRY--TOPICAL TERM
Topical term or geographic name as entry element Maritime security
9 (RLIN) 15155
650 ## - SUBJECT ADDED ENTRY--TOPICAL TERM
Topical term or geographic name as entry element Marine engineering
9 (RLIN) 15156
700 ## - ADDED ENTRY--PERSONAL NAME
Personal name Krishnan, S.
9 (RLIN) 15157
773 ## - HOST ITEM ENTRY
Main entry heading World Affairs
906 ## - LOCAL DATA ELEMENT F, LDF (RLIN)
Subject DIP Piracy
942 ## - ADDED ENTRY ELEMENTS (KOHA)
Source of classification or shelving scheme
Item type Articles
Holdings
Withdrawn status Lost status Source of classification or shelving scheme Damaged status Not for loan Permanent location Current location Date acquired Serial Enumeration / chronology Barcode Date last seen Koha item type
          Indian Institute of Public Administration Indian Institute of Public Administration 2020-01-07 23(3), Jul-Sep, 2019: p.80-101. AR122294 2020-01-07 Articles

Powered by Koha